All Incorporated Municipalities of Albany County, New York - Statistics

General Stats
  • This quiz has been taken 22 times
  • The average score is 11 of 19
Answer Stats
Answer % Correct
Albany
100%
Colonie
83%
Colonie
83%
Bethlehem
75%
Cohoes
67%
Berne
58%
Guilderland
58%
Watervliet
58%
Coeymans
50%
Knox
50%
New Scotland
50%
Westerlo
50%
Altamont
42%
Green Island
42%
Green Island
42%
Ravena
42%
Voorheesville
42%
Rensselaerville
33%
Menands
25%
No matching quizzes found
Score Distribution
Percent of People with Each Score
Percentile by Number Answered
Your Score History
You have not taken this quiz